2025 ATP Year End Top 100 - Statistics

General Stats
  • This quiz has been taken 420 times
  • The average score is 60 of 100
Answer Stats
Rank Country Player % Correct
1 Spain Carlos Alcaraz
100%
2 Italy Jannik Sinner
100%
4 Serbia Novak Djokovic
100%
3 Germany Alexander Zverev
99%
7 Australia Alex de Minaur
98%
6 USA Taylor Fritz
98%
13 Russia Daniil Medvedev
97%
12 Norway Casper Ruud
96%
5 Canada Félix Auger-Aliassime
96%
8 Italy Lorenzo Musetti
96%
16 Russia Andrey Rublev
94%
9 USA Ben Shelton
94%
15 Denmark Holger Rune
94%
10 United Kingdom Jack Draper
94%
11 Kazakhstan Alexander Bublik
93%
34 Greece Stefanos Tsitsipas
89%
24 Brazil João Fonseca
86%
14 Spain Alejandro Davidovich Fokina
85%
23 Canada Denis Shapovalov
85%
30 USA Frances Tiafoe
85%
21 Argentina Francisco Cerúndolo
85%
19 Czech Republic Jakub Menšík
85%
85 Argentina Juan Manuel Cerúndolo
85%
18 Russia Karen Khachanov
85%
27 United Kingdom Cameron Norrie
83%
22 Italy Flavio Cobolli
82%
17 Czech Republic Jiří Lehečka
82%
20 USA Tommy Paul
81%
44 Bulgaria Grigor Dimitrov
79%
40 France Arthur Fils
77%
25 Netherlands Tallon Griekspoor
77%
32 Czech Republic Tomáš Macháč
77%
31 Monaco Valentin Vacherot
76%
29 France Arthur Rinderknech
74%
73 Poland Hubert Hurkacz
74%
68 France Gaël Monfils
72%
28 USA Learner Tien
70%
39 Italy Lorenzo Sonego
70%
56 Italy Matteo Berrettini
70%
43 Belgium Zizou Bergs
69%
35 France Corentin Moutet
67%
47 Portugal Nuno Borges
67%
26 Italy Luciano Darderi
66%
41 Canada Gabriel Diallo
63%
37 France Ugo Humbert
62%
75 Croatia Marin Čilić
61%
77 Netherlands Botic van de Zandschulp
60%
45 Argentina Sebastián Báez
59%
81 Chile Alejandro Tabilo
58%
36 Spain Jaume Munar
58%
55 Hungary Márton Fucsovics
57%
59 France Giovanni Mpetshi Perricard
56%
57 Bosnia and Herzegovina Damir Džumhur
55%
60 Argentina Tomás Martín Etcheverry
55%
46 Germany Daniel Altmaier
54%
51 Hungary Fábián Marozsán
54%
84 Germany Jan-Lennard Struff
54%
52 Serbia Miomir Kecmanović
54%
33 USA Brandon Nakashima
53%
50 USA Reilly Opelka
52%
48 USA Sebastian Korda
52%
54 Australia Alexei Popyrin
50%
38 USA Alex Michelsen
48%
63 Italy Matteo Arnaldi
48%
80 Chile Cristian Garín
47%
89 Spain Pablo Carreño Busta
47%
97 Kazakhstan Alexander Shevchenko
46%
93 Spain Roberto Bautista Agut
46%
69 France Adrian Mannarino
45%
53 USA Jenson Brooksby
44%
83 Serbia Hamad Medjedović
42%
99 Serbia Laslo Djere
41%
71 United Kingdom Jacob Fearnley
40%
87 Italy Luca Nardi
40%
76 Netherlands Jesper de Jong
38%
66 USA Marcos Giron
38%
95 Spain Pedro Martínez
38%
42 France Alexandre Müller
37%
72 Argentina Mariano Navone
36%
64 Poland Kamil Majchrzak
35%
86 Belgium Raphael Collignon
35%
82 Australia Aleksandar Vukic
34%
67 France Arthur Cazaux
34%
49 Argentina Camilo Ugo Carabelli
34%
96 France Benjamin Bonzi
33%
61 Argentina Francisco Comesaña
33%
98 France Hugo Gaston
33%
74 Italy Mattia Bellucci
32%
65 France Térence Atmane
31%
92 France Quentin Halys
30%
79 Austria Filip Misolic
29%
94 Japan Shintaro Mochizuki
26%
100 Australia Tristan Schoolkate
26%
78 Australia Adam Walton
24%
62 USA Aleksandar Kovacevic
24%
70 USA Ethan Quinn
24%
58 France Valentin Royer
23%
90 Czech Republic Dalibor Svrčina
22%
91 USA Eliot Spizzirri
21%
88 USA Emilio Nava
20%
No matching quizzes found
Score Distribution
Percent of People with Each Score
Percentile by Number Answered
Your Score History
You have not taken this quiz